000 00570nam a22001937a 4500
999 _c170244
_d170244
005 20191212142320.0
010 _aA-644963
020 _c250.00
035 _aA-644963
037 _bBPPD/Pub.
082 _a320.95491
100 _aاحمد سلیم
245 _aعدلیہ کا سیاسی کردار /
_cاحمد سلیم
246 _aAdliyah ka Syasi Kirdaar (Urdu) /
_bby Ahmed Saleem
260 _aLucknow
_bFrontier Post Publications
_c1993 ء
270 _a-
_b-
_e-
300 _a432p.
_c20cm(Hb)
942 _2ddc
_cUR
_h320.95491
_mا ح م